[Event "4NCL 2017-18"]
[Site "England ENG"]
[Date "2018.01.13"]
[Round "3.47"]
[White "Horton, Jamie A"]
[Black "Rose, Matthew"]
[Result "1-0"]
[WhiteElo "2189"]
[BlackElo "2249"]
[WhiteTeam "3Cs"]
[BlackTeam "Oxford"]
[WhiteFideId "421472"]
[BlackFideId "407941"]
[EventDate "2017.11.11"]

1. d4 Nf6 2. c4 g6 3. Nc3 Bg7 4. e4 d6 5. Nf3 O-O 6. Be2 Qe8 7. O-O e5 8. dxe5
dxe5 9. Be3 b6 10. h3 Na6 11. Qc2 Nh5 12. a3 c6 13. b4 f5 14. Rfe1 Nc7 15. a4
Ne6 16. Rad1 Nef4 17. b5 Bb7 18. Kh2 Rc8 19. Bf1 cxb5 20. axb5 Kh8 21. Qb1 Ne6
22. Nd5 Qf7 23. Kg1 Nhf4 24. Bxf4 exf4 25. exf5 gxf5 26. Qa2 Bxd5 27. cxd5 Nc5
28. Ng5 Qg6 29. Ne6 Ne4 30. Nxf8 Rxf8 31. Rd3 Rg8 32. d6 Nc5 33. Rf3 Qxd6 34.
Qxa7 Bd4 35. Qe7 Qd5 36. Rxf4 Ne4 37. Rexe4 fxe4 38. Qxe4 Qxe4 39. Rxe4 Bc5 40.
Bc4 Rf8 41. Re2 Rf4 42. Bd5 h5 43. g3 Rb4 44. Bc6 h4 45. Kg2 Kg7 46. gxh4 Rxh4
47. Kg3 Rb4 48. f4 Bd6 49. Rf2 Kf6 50. Kg4 Bc5 51. Rf3 Rd4 52. h4 Bf8 53. Kh5
Bd6 54. Kg4 Bf8 55. Re3 Bh6 56. Re4 Rxe4 57. Bxe4 Bf8 58. Bc6 Bb4 59. Kf3 Be1
60. h5 Bd2 61. Be8 Ke7 62. Bg6 Kf6 63. Ke4 Bc1 64. Bf5 Bb2 65. h6 Bc1 66. h7 Kg7
67. Bg6 Bb2 68. f5 Kf8 69. Kd5 Ke7 70. Kc6 Bd4 71. h8=Q Bxh8 72. Kxb6 Kd6 73.
Kb7 Kc5 74. b6 Bd4 75. Kc7 Be5+ 76. Kb7 Bd4 77. Be8 Kd6 78. Ka6 Ke7 79. Bc6 Kd6
80. b7 Kc7 81. f6 Kb8 82. f7 Bc5 83. Be4 Be7 84. Kb6 1-0

[Event "4NCL 2017-18"]
[Site "England ENG"]
[Date "2018.01.13"]
[Round "3.48"]
[White "Varney, Zoe"]
[Black "Bentley, John L"]
[Result "0-1"]
[WhiteElo "2003"]
[BlackElo "2151"]
[WhiteTeam "Oxford"]
[BlackTeam "3Cs"]
[WhiteFideId "436135"]
[BlackFideId "409901"]
[EventDate "2017.11.11"]

1. e4 c5 2. c3 a6 3. d4 cxd4 4. cxd4 d5 5. exd5 Nf6 6. Nc3 Nxd5 7. Bc4 e6 8. Nf3
Nc6 9. O-O Be7 10. Re1 Nxc3 11. bxc3 b5 12. Bd3 Bb7 13. Ne5 Nxe5 14. Rxe5 Qc7
15. Re3 Bd6 16. Qh5 g6 17. Qh3 O-O 18. Qh4 f5 19. Bc2 Bd5 20. Bb3 Rae8 21. Rh3
Rf7 22. Bg5 a5 23. Bf6 Ref8 24. Bg5 Qc6 25. Bxd5 Qxd5 26. Qh6 Rc7 27. a4 b4 28.
cxb4 axb4 29. Qh4 b3 30. Bc1 Qc4 31. Qh6 Qxd4 32. Bb2 Qxb2 33. Re1 Qc2 34. g3 b2
35. Rxe6 Qd1+ 36. Kg2 Qd5+ 0-1

[Event "4NCL 2017-18"]
[Site "England ENG"]
[Date "2018.01.13"]
[Round "3.51"]
[White "Turner, Matthew J"]
[Black "Howell, David W L"]
[Result "1/2-1/2"]
[WhiteTitle "GM"]
[BlackTitle "GM"]
[WhiteElo "2529"]
[BlackElo "2701"]
[WhiteTeam "Barbican 4NCL"]
[BlackTeam "Cheddleton"]
[WhiteFideId "402893"]
[BlackFideId "410608"]
[EventDate "2017.11.11"]

1. Nf3 Nf6 2. g3 g6 3. Bg2 Bg7 4. O-O O-O 5. d4 d5 6. a4 Bf5 7. Nh4 Be6 8. c3
Qc8 9. Bg5 h6 10. Bxf6 Bxf6 11. Nf3 Rd8 12. Nbd2 c5 13. a5 Na6 14. e3 Qc7 15.
Re1 Rac8 16. Nb3 Bf5 17. Bf1 cxd4 18. exd4 Nb8 19. Qd2 Kg7 20. Bd3 Bxd3 21. Qxd3
Nd7 22. Nbd2 a6 23. Kg2 e6 24. h4 h5 25. Re3 e5 26. dxe5 Nxe5 27. Nxe5 Bxe5 28.
Nf3 Bf6 29. Ra4 Qc5 30. Nd4 Re8 31. Rb4 Rxe3 32. Qxe3 Bxd4 33. Qxd4+ Qxd4 34.
cxd4 Rc7 35. Kf3 f6 36. Rb6 g5 37. Rd6 gxh4 38. gxh4 Kg6 39. Ke3 Rc2 40. Rb6 Rc7
41. f3 Re7+ 42. Kf4 Rc7 43. b3 Rd7 44. b4 Rc7 45. b5 Rc4 46. Ke3 Rc3+ 47. Ke2
Ra3 48. bxa6 1/2-1/2

[Event "4NCL 2017-18"]
[Site "England ENG"]
[Date "2018.01.13"]
[Round "3.52"]
[White "Hawkins, Jonathan"]
[Black "Collins, Sam E."]
[Result "1-0"]
[WhiteTitle "GM"]
[BlackTitle "IM"]
[WhiteElo "2589"]
[BlackElo "2446"]
[WhiteTeam "Cheddleton"]
[BlackTeam "Barbican 4NCL"]
[WhiteFideId "412686"]
[BlackFideId "2501198"]
[EventDate "2017.11.11"]

1. d4 Nf6 2. c4 g6 3. Nc3 Bg7 4. e4 d6 5. Bd3 O-O 6. Nge2 Nc6 7. O-O e5 8. d5
Nd4 9. Rb1 c5 10. dxc6 bxc6 11. b4 d5 12. cxd5 cxd5 13. Bg5 dxe4 14. Nxe4 Qb6
15. Nxd4 exd4 16. Nc5 Bg4 17. Qb3 a5 18. f3 Bc8 19. a3 axb4 20. axb4 Nd7 21. Qd5
Nxc5 22. bxc5 Qa5 23. Qd6 Be6 24. Be4 Rac8 25. Rfc1 Rfe8 26. Qb6 Qa2 27. Bb7 d3
28. Bxc8 Bd4+ 29. Kh1 Rxc8 30. Qd6 Bxc5 31. Qxd3 Bf5 32. Rxc5 Bxd3 33. Rxc8+ Kg7
34. Rd1 Bf5 35. Rcc1 h6 36. Be3 Qb3 37. Bd4+ Kh7 38. Re1 Qd3 39. Be5 g5 40. h3
Qd2 41. Rcd1 Qf2 42. Rf1 Qe2 43. Bg3 Be6 44. Rfe1 Qc2 45. Kh2 Kg6 46. Rd4 Qc3
47. Rde4 Qd2 48. R4e2 Qd3 49. h4 Qc4 50. Re4 Qb3 51. hxg5 hxg5 52. Re5 Qc4 53.
R1e4 Qc8 54. Bf2 Qb8 55. Kg1 Qb1+ 56. Re1 Qb4 57. Rc5 g4 58. fxg4 Qxg4 59. Rc3
Qb4 60. Rg3+ Kf6 61. Rf1 Ke7 62. Re3 Qg4 63. Rd3 Qc4 64. Rd4 Qc3 65. Bh4+ Kf8
66. Bf6 Qe3+ 67. Kh2 Bd7 68. Rh4 1-0

[Event "4NCL 2017-18"]
[Site "England ENG"]
[Date "2018.01.13"]
[Round "3.53"]
[White "D'Costa, Lorin A R"]
[Black "Fodor, Tamas Jr."]
[Result "0-1"]
[WhiteTitle "IM"]
[BlackTitle "GM"]
[WhiteElo "2386"]
[BlackElo "2503"]
[WhiteTeam "Barbican 4NCL"]
[BlackTeam "Cheddleton"]
[WhiteFideId "409219"]
[BlackFideId "723762"]
[EventDate "2017.11.11"]

1. Nf3 d5 2. g3 Nd7 3. c4 dxc4 4. Qa4 Nf6 5. Bg2 g6 6. O-O Bg7 7. Qxc4 O-O 8. d3
Nb6 9. Qh4 Re8 10. Nc3 c6 11. Bh6 Bh8 12. h3 Nfd5 13. d4 Nc4 14. Rab1 e6 15. Bg5
f6 16. Bh6 Nd6 17. e4 Nxc3 18. bxc3 Qa5 19. Rfe1 Qxa2 20. Qf4 Nf7 21. h4 Qa5 22.
e5 Qxc3 23. h5 Qd3 24. exf6 Qf5 25. hxg6 hxg6 26. Qd2 Bxf6 27. Bf4 Rd8 28. Qe3
Kg7 29. Bc7 Rh8 30. Ne5 Bxe5 31. Bxe5+ Nxe5 32. dxe5 a5 33. Qd4 a4 34. Ra1 Rf8
35. Re4 Ra5 36. Qb6 Rb5 37. Qc7+ Qf7 38. Qxf7+ Rxf7 39. Raxa4 Rb1+ 40. Bf1 b5
41. Ra8 Bb7 42. Rb8 b4 43. Rh4 Ba6 0-1

[Event "4NCL 2017-18"]
[Site "England ENG"]
[Date "2018.01.13"]
[Round "3.54"]
[White "Williams, Simon K"]
[Black "Franklin, Samuel G A"]
[Result "1-0"]
[WhiteTitle "GM"]
[BlackTitle "FM"]
[WhiteElo "2460"]
[BlackElo "2316"]
[WhiteTeam "Cheddleton"]
[BlackTeam "Barbican 4NCL"]
[WhiteFideId "404454"]
[BlackFideId "468576"]
[EventDate "2017.11.11"]

1. d4 Nf6 2. Bg5 e6 3. Nd2 h6 4. Bh4 Be7 5. e4 d6 6. Ngf3 Nbd7 7. e5 dxe5 8.
dxe5 Nh5 9. Bxe7 Qxe7 10. Qe2 Qb4 11. O-O-O Nf4 12. Qe1 Qa5 13. Qe4 Ng6 14. Nb3
Qxa2 15. Rd4 Nb6 16. Nfd2 Bd7 17. Rxd7 Nxd7 18. Nb1 O-O-O 19. Nc3 Nc5 20. Nxc5
Qa1+ 21. Nb1 Rd5 22. Nd3 Rhd8 23. Be2 Rd4 24. Qf3 R8d7 25. Nc5 Rb4 26. Qa3 Qxa3
27. bxa3 Rxb1+ 28. Kxb1 Rd5 29. Nd3 Nxe5 30. Nxe5 Rxe5 31. Bd3 Kd7 32. f4 Ra5
33. Kb2 Ke7 34. Re1 Kf6 35. g4 Ke7 36. Kb3 Rd5 37. Kc3 b6 38. Bc4 Ra5 39. Kb3
Kd6 40. a4 Rc5 41. Bd3 a5 42. h4 Rd5 43. Kc3 Rc5+ 44. Kd4 Rd5+ 45. Ke3 e5 46.
fxe5+ Rxe5+ 47. Be4 Kc5 48. Rd1 Re7 49. Rd4 c6 50. Kd3 b5 51. c3 Rc7 52. Kc2 Re7
53. Kd3 Rc7 54. h5 Kb6 55. Bf3 Kc5 56. Rf4 Rd7+ 57. Kc2 Re7 58. Be4 Kb6 59. Bd3
f6 60. Rd4 Kc5 61. Kd2 Rb7 62. Kc2 Re7 63. Rd8 Rc7 64. Ra8 1-0

[Event "4NCL 2017-18"]
[Site "England ENG"]
[Date "2018.01.13"]
[Round "3.55"]
[White "Griffiths, Ryan Rhys"]
[Black "Arkell, Keith C"]
[Result "0-1"]
[WhiteTitle "FM"]
[BlackTitle "GM"]
[WhiteElo "2353"]
[BlackElo "2414"]
[WhiteTeam "Barbican 4NCL"]
[BlackTeam "Cheddleton"]
[WhiteFideId "2502054"]
[BlackFideId "400270"]
[EventDate "2017.11.11"]

1. d4 Nf6 2. c4 e6 3. Nc3 Bb4 4. e3 c5 5. Ne2 cxd4 6. exd4 d5 7. c5 Ne4 8. Bd2
Nxd2 9. Qxd2 b6 10. a3 Bxc3 11. Nxc3 bxc5 12. dxc5 a5 13. Na4 Bd7 14. Nb6 Ra7
15. Rc1 a4 16. Nxd7 Nxd7 17. c6 Nb6 18. Qb4 Qc7 19. Bb5 f6 20. O-O Kf7 21. Rfe1
e5 22. Rc5 Rd8 23. b3 axb3 24. Qxb3 Kg8 25. a4 Kh8 26. Qb4 h6 27. a5 Nc8 28. Bf1
d4 29. a6 d3 30. Qe4 Rd4 31. Qg6 Ne7 32. Qe8+ Kh7 33. Rc4 Qd6 34. Rxd4 Qxd4 35.
g3 e4 36. Kg2 f5 37. Qf7 Qc3 38. Re3 Qxc6 39. g4 Qd5 40. Qf8 d2 41. Be2 Ng6 42.
Qb8 d1=Q 43. Bxd1 Qxd1 44. gxf5 Qg4+ 45. Kf1 Nf4 0-1

[Event "4NCL 2017-18"]
[Site "England ENG"]
[Date "2018.01.13"]
[Round "3.56"]
[White "Eggleston, David J"]
[Black "Dorrington, Chris J"]
[Result "1-0"]
[WhiteTitle "IM"]
[WhiteElo "2407"]
[BlackElo "2308"]
[WhiteTeam "Cheddleton"]
[BlackTeam "Barbican 4NCL"]
[WhiteFideId "412120"]
[BlackFideId "410462"]
[EventDate "2017.11.11"]

1. e4 c6 2. Nf3 d5 3. Nc3 Bg4 4. h3 Bxf3 5. Qxf3 e6 6. d3 g6 7. Be2 Bg7 8. Qg3
Nd7 9. O-O Ne7 10. a4 O-O 11. a5 Nc5 12. Qh4 Nc8 13. Bg5 f6 14. Bh6 Bxh6 15.
Qxh6 d4 16. Nb1 f5 17. Nd2 Nd6 18. Nf3 fxe4 19. dxe4 Ncxe4 20. Nxd4 Nf5 21. Nxf5
exf5 22. a6 b6 23. Bf3 Qd4 24. Rad1 Qf6 25. Rd7 Rf7 26. Rfd1 Raf8 27. h4 Re7 28.
c3 Rxd7 29. Rxd7 Rf7 30. Rb7 Nc5 31. Rb8+ Rf8 32. Qf4 Kg7 33. Rxf8 Qxf8 34. Bxc6
Nxa6 35. Qa4 Qc5 36. Bf3 Nc7 37. Qxa7 h6 38. Qb7 b5 39. Bc6 Qe5 40. Bxb5 g5 41.
hxg5 hxg5 42. Bf1 g4 43. Qc6 Nd5 44. Qc5 Kf6 45. g3 Qe4 46. Qf8+ Kg6 47. Qg8+
Kf6 48. c4 Ne7 49. Qf8+ Ke6 50. Qh6+ Kf7 51. Qd2 Kg7 52. b4 Nc6 53. Bd3 Qe7 54.
Bxf5 Ne5 55. Be4 Nxc4 56. Qc3+ Ne5 57. b5 Qf6 58. Kg2 1-0

[Event "4NCL 2017-18"]
[Site "England ENG"]
[Date "2018.01.13"]
[Round "3.57"]
[White "Jackson, James P"]
[Black "Radovanovic, Jovica"]
[Result "1-0"]
[WhiteTitle "FM"]
[BlackTitle "FM"]
[WhiteElo "2364"]
[BlackElo "2311"]
[WhiteTeam "Barbican 4NCL"]
[BlackTeam "Cheddleton"]
[WhiteFideId "416860"]
[BlackFideId "915912"]
[EventDate "2017.11.11"]

1. e4 c5 2. Nf3 d6 3. d4 cxd4 4. Nxd4 Nf6 5. Nc3 a6 6. h3 e5 7. Nde2 h5 8. g3
Be7 9. Bg2 b5 10. O-O Nbd7 11. Be3 Bb7 12. Rc1 Rc8 13. Nd5 Nxd5 14. exd5 Bg5 15.
f4 exf4 16. gxf4 Bf6 17. Nd4 Nb6 18. b3 O-O 19. Qxh5 g6 20. Qg4 Nxd5 21. Bf2 Bg7
22. f5 Nf6 23. Qg3 Ne4 24. Bxe4 Bxe4 25. fxg6 Bxg6 26. Ne6 fxe6 27. Qxg6 Rf6 28.
Qg4 Qe8 29. Kh1 Qf7 30. Qg2 Rf8 31. Kg1 Rg6 32. Bg3 Qa7+ 33. Kh2 Rxf1 34. Rxf1
Be5 35. Rf3 Qd4 36. Qe2 b4 37. Rd3 Bxg3+ 38. Rxg3 Qf4 39. Qxe6+ 1-0

[Event "4NCL 2017-18"]
[Site "England ENG"]
[Date "2018.01.13"]
[Round "3.58"]
[White "Khoo, Selina"]
[Black "Lauterbach, Ingrid"]
[Result "0-1"]
[BlackTitle "WIM"]
[WhiteElo "1964"]
[BlackElo "2048"]
[WhiteTeam "Cheddleton"]
[BlackTeam "Barbican 4NCL"]
[WhiteFideId "413488"]
[BlackFideId "405221"]
[EventDate "2017.11.11"]

1. e4 c5 2. Nf3 e6 3. c3 Nf6 4. Qc2 Nc6 5. Bb5 a6 6. Bxc6 bxc6 7. O-O d5 8. d3
c4 9. e5 cxd3 10. Qa4 Ne4 11. Qxc6+ Bd7 12. Qb7 Bb5 13. Be3 Bc5 14. Bg5 Nxg5 15.
Nxg5 O-O 16. b4 Ra7 0-1

[Event "4NCL 2017-18"]
[Site "England ENG"]
[Date "2018.01.13"]
[Round "3.61"]
[White "Zhou, Yang-Fan"]
[Black "Speelman, Jon S"]
[Result "0-1"]
[WhiteTitle "IM"]
[BlackTitle "GM"]
[WhiteElo "2440"]
[BlackElo "2503"]
[WhiteTeam "Guildford"]
[BlackTeam "Wood Green"]
[WhiteFideId "468584"]
[BlackFideId "400033"]
[EventDate "2017.11.11"]

1. e4 e6 2. d3 d5 3. Nd2 c5 4. g3 Nc6 5. Bg2 g6 6. Nh3 Bg7 7. exd5 exd5 8. Nf4
Nge7 9. O-O O-O 10. Re1 Rb8 11. c3 b6 12. a3 Bb7 13. Rb1 Qd6 14. Nf3 Rfe8 15.
Ne2 Rbd8 16. Bf4 Qd7 17. b4 cxb4 18. axb4 Nf5 19. d4 Nd6 20. Bxd6 Qxd6 21. Nf4
Bh6 22. Nd3 Bc8 23. Ra1 Be6 24. Nfe5 Nxe5 25. Rxe5 Re7 26. Ra6 Rc7 27. Qa1 Qd7
28. Ra3 Rdc8 29. f4 Bf8 30. Rb3 Qb5 31. Bf1 Qd7 32. Re3 Bf5 33. Ne5 Qd6 34. Ba6
Re8 35. Qe1 f6 36. Nf3 Rxe3 37. Qxe3 Qc6 38. Qe2 Qa4 39. Nd2 Re7 40. Qb5 Qa2 0-1

[Event "4NCL 2017-18"]
[Site "England ENG"]
[Date "2018.01.13"]
[Round "3.62"]
[White "Haria, Ravi"]
[Black "Sarakauskas, Gediminas"]
[Result "0-1"]
[WhiteTitle "IM"]
[BlackTitle "IM"]
[WhiteElo "2435"]
[BlackElo "2424"]
[WhiteTeam "Wood Green"]
[BlackTeam "Guildford"]
[WhiteFideId "415820"]
[BlackFideId "12800724"]
[EventDate "2017.11.11"]

1. Nf3 Nf6 2. g3 b5 3. Bg2 Bb7 4. O-O e6 5. d3 d6 6. e4 Nbd7 7. Re1 c5 8. a4 a6
9. Nbd2 Qb6 10. Nb3 Be7 11. Bd2 Rb8 12. axb5 axb5 13. Nh4 Bc6 14. d4 cxd4 15.
Ba5 Qb7 16. Bb4 Bxe4 17. Rxe4 Nxe4 18. Qxd4 d5 19. Bxe7 Kxe7 20. Bxe4 dxe4 21.
Rd1 Rhd8 22. Qxg7 Nf6 23. Nd4 Rd5 24. c3 Rh5 25. Ra1 Rg8 26. Nc6+ Qxc6 27. Ra7+
Nd7 28. Qxg8 e3 29. fxe3 Rd5 30. Qg4 Qc5 31. Ra1 Qxe3+ 32. Kh1 Rd2 33. Ng2 Qf2
34. Qh4+ Kd6 35. Qe4 Nc5 36. Qa8 Rxb2 37. Qf8+ Kd5 38. Qa8+ Kc4 39. Qc6 Kxc3 40.
Rc1+ Kb4 41. Rg1 f5 42. Qd6 Qd2 43. Qe7 h6 44. h3 Qd5 45. Qf6 Qd2 46. Qe7 Qd4
47. Qf8 h5 48. Qe7 Qe4 49. Qd6 e5 50. Qg6 Qf3 51. Kh2 h4 52. gxh4 Rb3 53. Rc1
Qxh3+ 54. Kg1 Rb2 55. Qg7 Rxg2+ 0-1

[Event "4NCL 2017-18"]
[Site "England ENG"]
[Date "2018.01.13"]
[Round "3.63"]
[White "Suarez Real, Alberto"]
[Black "Houska, Jovanka"]
[Result "0-1"]
[WhiteTitle "IM"]
[BlackTitle "IM"]
[WhiteElo "2434"]
[BlackElo "2420"]
[WhiteTeam "Guildford"]
[BlackTeam "Wood Green"]
[WhiteFideId "2218534"]
[BlackFideId "405094"]
[EventDate "2017.11.11"]

1. e4 c6 2. d4 d5 3. Nd2 dxe4 4. Nxe4 Nf6 5. Nxf6+ exf6 6. c3 Bd6 7. Bd3 O-O 8.
Qc2 Re8+ 9. Ne2 h5 10. O-O f5 11. Re1 g6 12. Bf4 Na6 13. Qd2 Nc7 14. Bxd6 Qxd6
15. Qf4 Qe7 16. Bc4 Be6 17. Ng3 Rac8 18. Bb3 h4 19. Nf1 Qf6 20. Nd2 Kg7 21. Nf3
Rh8 22. Qe5 h3 23. g3 Qxe5 24. Nxe5 f4 25. Nd3 fxg3 26. fxg3 Rce8 27. Nc5 Bc8
28. Ne4 b6 29. Nd6 Rxe1+ 30. Rxe1 Be6 31. Bxe6 Nxe6 32. Re5 Rd8 33. Ne4 Rd5 34.
Rxd5 cxd5 35. Nd2 f5 36. Nf1 Kf6 37. Ne3 Nc7 38. Kf2 g5 39. Ke2 g4 40. a4 a6 41.
c4 dxc4 42. Nxc4 b5 43. axb5 axb5 44. Ne3 Ke6 45. Kd3 Ne8 46. Nd1 Nf6 47. Nc3 f4
48. gxf4 g3 49. Ne2 Nh5 50. Nxg3 Nxg3 51. Ke3 Kf5 52. d5 Ne4 53. Kf3 b4 54. Ke3
b3 55. Kf3 Nd6 0-1

[Event "4NCL 2017-18"]
[Site "England ENG"]
[Date "2018.01.13"]
[Round "3.64"]
[White "Harvey, Marcus R"]
[Black "Wadsworth, Matthew J"]
[Result "0-1"]
[WhiteTitle "FM"]
[BlackTitle "FM"]
[WhiteElo "2358"]
[BlackElo "2354"]
[WhiteTeam "Wood Green"]
[BlackTeam "Guildford"]
[WhiteFideId "400092"]
[BlackFideId "415804"]
[EventDate "2017.11.11"]

1. d4 d5 2. Nf3 Nf6 3. Bf4 c5 4. e3 Nc6 5. c3 e6 6. Nbd2 Be7 7. h3 O-O 8. Bd3 b6
9. O-O Bb7 10. Bh2 Rc8 11. Qe2 Re8 12. Rad1 c4 13. Bc2 b5 14. a3 a5 15. e4 b4
16. Ne5 bxc3 17. bxc3 Bxa3 18. Rb1 Ba8 19. Nxc6 Bxc6 20. e5 Nd7 21. f4 f5 22.
exf6 Nxf6 23. g4 Bd6 24. g5 Nd7 25. Ra1 Nf8 26. h4 Qc7 27. h5 Ra8 28. Qg4 a4 29.
Nf3 a3 30. Ne5 Ba4 31. Bxa4 Rxa4 32. g6 h6 33. f5 Nd7 34. fxe6 Nf6 35. Qf5 Qe7
36. Nf7 Bxh2+ 37. Kxh2 Rf8 38. Kh3 Ra6 39. Nxh6+ gxh6 40. g7 Re8 41. Qxf6 Qxe6+
42. Qxe6+ Rexe6 43. Rg1 Re3+ 44. Kh4 a2 45. Rg3 Rxg3 46. Kxg3 Kxg7 47. Kf4 Kf6
48. Kg4 Ra3 49. Kf4 Ke6 50. Re1+ Kd6 51. Ra1 Kc6 52. Ke5 Ra8 53. Kf4 Ra3 54. Ke5
Rxc3 55. Rxa2 Re3+ 56. Kf5 Kb5 57. Rb2+ Rb3 58. Rg2 c3 59. Kf4 Kc4 60. Ke3 Rb8
61. Rg6 Re8+ 62. Kf3 c2 63. Rxh6 Rc8 0-1

[Event "4NCL 2017-18"]
[Site "England ENG"]
[Date "2018.01.13"]
[Round "3.65"]
[White "Milliet, Sophie"]
[Black "Fitzsimons, David"]
[Result "1-0"]
[WhiteTitle "IM"]
[BlackTitle "FM"]
[WhiteElo "2391"]
[BlackElo "2323"]
[WhiteTeam "Guildford"]
[BlackTeam "Wood Green"]
[WhiteFideId "623725"]
[BlackFideId "2501961"]
[EventDate "2017.11.11"]

1. e4 e6 2. d4 d5 3. Nc3 Nf6 4. e5 Nfd7 5. f4 c5 6. Nf3 Nc6 7. Be3 Be7 8. Qd2
O-O 9. dxc5 Qa5 10. O-O-O b6 11. Bb5 Nb4 12. a3 bxc5 13. Kb1 Nb6 14. f5 d4 15.
axb4 cxb4 16. Bxd4 bxc3 17. Bxc3 Qxb5 18. f6 Nd5 19. fxe7 Re8 20. Ng5 Rxe7 21.
Ne4 Rc7 22. Qg5 Bb7 23. Rd3 f6 24. exf6 Nxc3+ 25. Rxc3 Qxg5 26. Nxg5 Rxc3 27.
bxc3 gxf6 28. Nxe6 Bxg2 29. Rd1 Be4 30. Nf4 Rb8+ 31. Kc1 Rb7 32. c4 Kf7 33. Rd4
f5 34. Kd2 Kf6 35. c5 Ke5 36. Ke3 Bxc2 37. Rd5+ Kf6 38. c6 Re7+ 39. Kd4 Ba4 40.
Rd6+ Kf7 41. Nd5 Re4+ 42. Kc5 Bxc6 43. Rxc6 Rh4 44. h3 f4 45. Ra6 Rxh3 46. Rxa7+
Kf8 47. Nxf4 Rh1 48. Kd6 Rd1+ 49. Ke6 Re1+ 50. Kf6 Ke8 51. Rxh7 Rf1 52. Ke5 Re1+
53. Kd6 Rd1+ 54. Nd5 Kf8 55. Ra7 Ke8 56. Rb7 Kf8 57. Ke6 Re1+ 58. Kf5 Rf1+ 59.
Nf4 Ke8 60. Ke6 Re1+ 61. Kd6 Rd1+ 62. Nd5 Kf8 63. Rd7 Ke8 64. Re7+ Kf8 65. Re2
Kf7 66. Ke5 Ra1 67. Rf2+ Ke8 68. Nf6+ Ke7 69. Nd5+ Ke8 70. Rf3 Re1+ 71. Kd6 Rd1
72. Rf2 Ra1 73. Nc7+ 1-0

[Event "4NCL 2017-18"]
[Site "England ENG"]
[Date "2018.01.13"]
[Round "3.66"]
[White "Weaving, Richard"]
[Black "Kilpatrick, Callum"]
[Result "0-1"]
[WhiteTitle "FM"]
[BlackTitle "FM"]
[WhiteElo "2333"]
[BlackElo "2349"]
[WhiteTeam "Wood Green"]
[BlackTeam "Guildford"]
[WhiteFideId "401161"]
[BlackFideId "414425"]
[EventDate "2017.11.11"]

1. e4 e5 2. Nf3 Nc6 3. Bb5 a6 4. Ba4 Nf6 5. Qe2 b5 6. Bb3 Bc5 7. d3 h6 8. c3 O-O
9. Be3 Bxe3 10. fxe3 d5 11. exd5 Nxd5 12. Nbd2 Be6 13. O-O Qe7 14. e4 Nf4 15.
Qe3 Qd6 16. Bc2 Rfd8 17. Nb3 a5 18. Rad1 a4 19. Nc1 Bg4 20. a3 Ne6 21. h3 Bh5
22. Ne2 Qc5 23. Qxc5 Nxc5 24. Ng3 Bxf3 25. Rxf3 Rd7 26. Kf2 Rad8 27. Ke2 Ne7 28.
Nh5 Ng6 29. Rf2 Nf8 30. Ke3 Nfe6 31. Rfd2 Rd6 32. d4 Nd7 33. Ng3 Nb6 34. b3 Rc6
35. Ne2 Nf4 36. d5 Nxg2+ 37. Kf2 Rg6 38. Rg1 Nh4 39. Rxg6 Nxg6 40. Bd3 axb3 41.
Bxb5 Ra8 42. Rb2 Rxa3 43. Ke3 Ne7 44. c4 c6 45. dxc6 Nxc6 46. c5 Na4 47. Bxa4
Rxa4 48. Rxb3 Rc4 49. Rb5 Rc2 50. Ng3 Rc3+ 51. Kf2 Nd4 52. Rb8+ Kh7 53. Rc8 Rc2+
54. Ke3 Rc3+ 55. Kf2 Ne6 56. c6 Nd4 57. Rc7 Kg6 58. Nf5 Nxf5 59. exf5+ Kf6 60.
Ke2 Rxh3 61. Kd2 Ra3 62. Rd7 Ra5 63. c7 Rc5 64. Ke3 h5 65. Ke4 h4 66. Kf3 Rc3+
67. Kg2 g5 68. fxg6 fxg6 69. Rh7 g5 70. Kf2 Kf5 71. Ke2 Kg4 72. Rg7 h3 73. Kd2
Rc5 74. Ke3 h2 75. Rh7 Kg3 76. Rh5 g4 0-1

[Event "4NCL 2017-18"]
[Site "England ENG"]
[Date "2018.01.13"]
[Round "3.67"]
[White "Ciuksyte, Dagne"]
[Black "Littlewood, Paul E"]
[Result "1-0"]
[WhiteTitle "IM"]
[BlackTitle "IM"]
[WhiteElo "2308"]
[BlackElo "2343"]
[WhiteTeam "Guildford"]
[BlackTeam "Wood Green"]
[WhiteFideId "12800619"]
[BlackFideId "400190"]
[EventDate "2017.11.11"]

1. e4 e5 2. Nf3 Nc6 3. Bb5 a6 4. Ba4 Nf6 5. O-O Be7 6. Re1 b5 7. Bb3 O-O 8. a3
d6 9. c3 Na5 10. Bc2 c5 11. d3 Qc7 12. Nbd2 Nc6 13. Bb3 Be6 14. a4 b4 15. Nc4
bxc3 16. bxc3 Rab8 17. Bd2 h6 18. Rb1 Na5 19. Nxa5 Qxa5 20. Bxe6 fxe6 21. d4
Rxb1 22. Qxb1 Qxa4 23. dxe5 dxe5 24. Nxe5 Nd7 25. Ng6 Rf7 26. e5 Bf8 27. h3 c4
28. Be3 Qc6 29. Nxf8 Rxf8 30. Bxh6 Rf5 31. Bc1 Qc5 32. Be3 Qxe5 33. Bd4 Qd5 34.
Qb4 Kf7 35. Rb1 Qb5 36. g4 Rd5 37. Kg2 e5 38. Be3 Ke6 39. Kf3 Qc6 40. Qb7 Qxb7
41. Rxb7 Rd3 42. Ra7 Rxc3 43. Rxa6+ Kf7 44. Ke4 Rd3 45. Rc6 Rd1 46. Kf5 Rh1 47.
Rc7 Ke7 48. Kg6 Rxh3 49. Kxg7 Ke6 50. Rxc4 Rh4 51. Ra4 Nb8 52. Rc4 Nd7 53. Rb4
Kd5 54. Kg6 Ke6 55. Kg7 Kd5 56. Ra4 e4 57. Rd4+ 1-0

[Event "4NCL 2017-18"]
[Site "England ENG"]
[Date "2018.01.13"]
[Round "3.68"]
[White "Pein, Malcolm"]
[Black "Povah, Nigel E"]
[Result "0-1"]
[WhiteTitle "IM"]
[BlackTitle "IM"]
[WhiteElo "2346"]
[BlackElo "2245"]
[WhiteTeam "Wood Green"]
[BlackTeam "Guildford"]
[WhiteFideId "400289"]
[BlackFideId "400467"]
[EventDate "2017.11.11"]

1. Nf3 Nf6 2. c4 c5 3. Nc3 e6 4. g3 b6 5. Bg2 Bb7 6. O-O d6 7. Re1 Nbd7 8. e4 a6
9. d4 cxd4 10. Nxd4 Qc7 11. Be3 Be7 12. Rc1 O-O 13. f4 Rfe8 14. Bf2 Bf8 15. g4
g6 16. g5 Nh5 17. Nde2 Rad8 18. Bf3 Ng7 19. Ng3 d5 20. exd5 Qxf4 21. Qd4 Qxf3
22. Re3 e5 23. Qd2 Qf4 24. Nce4 Nf5 25. Rf1 Bc5 26. Nxf5 gxf5 27. Nxc5 Nxc5 28.
Qe2 Ne4 29. Bg3 Nxg3 30. Rxg3 Qd4+ 31. Kg2 0-1

[Event "4NCL 2017-18"]
[Site "England ENG"]
[Date "2018.01.13"]
[Round "3.71"]
[White "Ansell, Simon T"]
[Black "Sreeves, Clement"]
[Result "1-0"]
[WhiteTitle "IM"]
[BlackTitle "FM"]
[WhiteElo "2342"]
[BlackElo "2389"]
[WhiteTeam "Blackthorne Russia"]
[BlackTeam "Alba"]
[WhiteFideId "402141"]
[BlackFideId "2402564"]
[EventDate "2017.11.11"]

1. d4 Nf6 2. Bf4 g6 3. Nc3 d5 4. e3 Bg7 5. h4 c5 6. Nb5 Na6 7. c3 Bg4 8. Be2
Bxe2 9. Qxe2 Qd7 10. Nf3 Ng4 11. h5 c4 12. a4 O-O 13. Bg3 e5 14. h6 Bh8 15. Nxe5
Nxe5 16. dxe5 Nc5 17. Rd1 a6 18. Nd4 Nd3+ 19. Rxd3 cxd3 20. Qxd3 Qxa4 21. O-O
Qc4 22. Qb1 Rae8 23. Nf3 f6 24. exf6 Bxf6 25. Rd1 Rf7 26. Rd3 b5 27. Qd1 Rd7 28.
Nd4 Re4 29. Ne2 Bg5 30. Bf4 Bxf4 31. Nxf4 d4 32. cxd4 b4 33. b3 Qf7 34. d5 Rd6
35. Rd4 Re8 36. Qc2 g5 37. Ne6 Qf6 38. Qc7 1-0